[Event "Tenerife-chT Tercera"]
[Site "Tenerife"]
[Date "2025.02.08"]
[Round "8.1"]
[White "Rodriguez Perez, David"]
[Black "Jurado Bello, Francisco Javier"]
[Result "0-1"]
[WhiteElo "1607"]
[BlackElo "1657"]
[PlyCount "76"]
[EventDate "2024.11.09"]
[EventType "team-tourn"]
[EventRounds "17"]
[EventCountry "ESP"]
[SourceTitle "CB14_2025"]
[SourceDate "2024.11.01"]
[SourceVersion "1"]
[SourceVersionDate "2024.11.01"]
[SourceQuality "1"]
[WhiteTeam "Circulo de Amistad XII Enero III"]
[BlackTeam "San Benito Vina Nava II"]
[WhiteTeamCountry "ESP"]
[BlackTeamCountry "ESP"]

1. e4 d6 2. d4 Nf6 3. Nc3 e5 4. dxe5 dxe5 5. Qxd8+ Kxd8 6. Bc4 Be6 7. Bxe6 fxe6 8. Nf3 Bd6 9. Bg5 a6 10. 0-0-0 Ke7 11. Nd2 h6 12. Bh4 g5 13. Bg3 Nh5 14. f3 Nf4 15. Bxf4 exf4 16. Nc4 Nc6 17. a3 Be5 18. Nxe5 Nxe5 19. b3 Rad8 20. Rxd8 Rxd8 21. Rd1 Ng6 22. Rxd8 Kxd8 23. Kd2 Nh4 24. Ke2 Nxg2 25. Nd1 Nh4 26. Nf2 Ng6 27. Nd3 b6 28. Nf2 Ne5 29. h3 Ke7 30. Ng4 Nxg4 31. hxg4 Kf6 32. Kd3 e5 33. a4 Kg6 34. c4 h5 35. gxh5+ Kxh5 36. b4 g4 37. Ke2 g3 38. Kf1 Kg6 0-1

[Event "Tenerife-chT Tercera"]
[Site "Tenerife"]
[Date "2025.02.01"]
[Round "7.2"]
[White "Rodriguez Perez, David"]
[Black "Parron Sanchez, David"]
[Result "1-0"]
[WhiteElo "1607"]
[BlackElo "1479"]
[PlyCount "45"]
[EventDate "2024.11.09"]
[EventType "team-tourn"]
[EventRounds "17"]
[EventCountry "ESP"]
[SourceTitle "CB14_2025"]
[SourceDate "2024.11.01"]
[SourceVersion "1"]
[SourceVersionDate "2024.11.01"]
[SourceQuality "1"]
[WhiteTeam "Circulo de Amistad XII Enero III"]
[BlackTeam "Laguna Cotelec"]
[WhiteTeamCountry "ESP"]
[BlackTeamCountry "ESP"]

1. e4 c6 2. d4 d5 3. exd5 cxd5 4. Bd3 Nc6 5. c3 Qc7 6. h3 Nf6 7. Nf3 g6 8. Be3 Bg7 9. Nbd2 0-0 10. Nb3 Nd7 11. Qd2 Re8 12. Bh6 e5 13. dxe5 Ncxe5 14. Nxe5 Nxe5 15. Be3 Nc4 16. Bxc4 dxc4 17. Nd4 Qe5 18. 0-0 Bf5 19. Nxf5 Qxf5 20. Rad1 Rad8 21. Qxd8 Rxd8 22. Rxd8+ Bf8 23. Bh6 1-0